| 000 | 00967nam0a22002651 4500 | ||
|---|---|---|---|
| 001 | rc\3784805 | ||
| 005 | 20250530050950.0 | ||
| 021 |
_aRU _b[75-91297] |
||
| 035 | _a(NLR Aleph) 007237610 | ||
| 090 |
_a7746788 _c7746788 |
||
| 100 | _a20120207d1975 |||y0rusy50 ca | ||
| 101 | 0 | _arus | |
| 102 | _aRU | ||
| 105 | _ay z ||||| | ||
| 200 | 1 |
_aПравовая защита технических решений _fА.Н. Лазоренко _gО-во "Знание" УССР |
|
| 210 |
_aКиев _cО-во "Знание" УССР _d1975 |
||
| 215 |
_a19 с. _d19 |
||
| 606 |
_aАвторские заявки на изобретения _xОформление _2psbo |
||
| 606 |
_aАвторские заявки на изобретения _xЭкспертиза _2psbo |
||
| 700 | 1 |
_aЛазоренко _bА.Н. _gАлександр Николаевич |
|
| 801 | 0 |
_aRU _bNLR _gpsbo |
|
| 801 | 1 |
_aRU _bELAR _2rusmarc |
|
| 852 |
_aNLR _j76-4/4161 |
||
| 942 | _cBOOK | ||
| 980 | _aNB | ||